Sacrosancti et oecumenici Concilii Tridentini sub Paulo III. Iulio III. Paulo IV. Pontificibus Maximis celebrati canones et decreta juxta exemplar Romae editum ann. MDLXIV

Detalles Bibliográficos
Autor Corporativo: Concilio de Trento, 1545-1563
Otros Autores: Sotelallus, Joannes 1567 (adnot.), Lucius, Horatius s. XVI (adnot.)
Formato: Libro
Lenguaje:Latin
Publicado: Matriti 1819
Materias:
Colección:Banco de datos
Acervo:Biblioteca de la Congregación del Oratorio de San Felipe Neri de México. Iglesia La Profesa
Descripción Física:477 p. 8°
Tema general:Concilios
Notas:Portada tipográfica. Texto a renglón seguido con notas a pie de página. Incluye cabecera de título en grabado xilográfico. Incluye capitular en grabado xilográfico. Encuadernación en piel sobre cartón
LEADER 01237nam a22002050004500
035 |a 3098 
041 0 |a lat 
110 1 |a Concilio de Trento, 1545-1563 
245 1 0 |a Sacrosancti et oecumenici Concilii Tridentini sub Paulo III. Iulio III. Paulo IV. Pontificibus Maximis celebrati canones et decreta juxta exemplar Romae editum ann. MDLXIV  |c accesserunt duorum eruditor. virorum D. Joannis Sotealli thelogi, & Horatti Lucii I.C. utilissimae annotationes. Bullis etiam Pii IV. Pontificis Maximi ad calcem adjectis 
260 |a Matriti  |b ex typographia viduae Placidi Barco Lopez, cujus operâ in lucem prodit  |c 1819  
300 |a 477 p.  |c 8° 
500 |a Portada tipográfica. Texto a renglón seguido con notas a pie de página. Incluye cabecera de título en grabado xilográfico. Incluye capitular en grabado xilográfico. Encuadernación en piel sobre cartón  
504 |a Índice de los decretos del Concilio de Trento 
650 1 0 |a Concilios 
700 1 |a Sotelallus, Joannes  |d 1567  |e adnot. 
700 1 |a Lucius, Horatius  |d s. XVI  |e adnot. 
949 |a Iglesia La Profesa, Biblioteca 6682 
942 |c PROFESA 
943 |g Biblioteca de la Congregación del Oratorio de San Felipe Neri de México. Iglesia La Profesa 
999 |c 949909  |d 949909